| 000 | 00720nam a22002177i 4500 | ||
|---|---|---|---|
| 999 |
_c23220 _d23220 |
||
| 003 | AR-CdUCM | ||
| 008 | 250224b20202020 pe||||| |||| 00| 0 SPA d | ||
| 040 |
_aMUNICIPALIDAD PROVINCIAL DEL CUSCO _cBIBLIOTECA MUNICIPAL DEL CUSCO |
||
| 041 | _hspa | ||
| 082 |
_aPI / 303 / C77 _bC77 |
||
| 100 |
_aCook, Julia / _951038 |
||
| 245 |
_aSoy Maravilloso : _b¡Hay tanto que hacer a los 3 años! / |
||
| 260 |
_aCusco : _c2020 |
||
| 300 |
_a26 páginas. : _bCuaderno anillado _c30x21 cm. |
||
| 505 | _aHay tanto que hacer a los 3 años | ||
| 650 |
_aSoy maravilloso _951039 |
||
| 700 |
_aJana MD., Laura A. _951040 |
||
| 700 |
_a(Ilustrado por) Valentine, Allison _951041 |
||
| 942 |
_2ddc _cLIBROS |
||
| 945 |
_apbjr _d24-02-2025 |
||